Help me! A way to guide troubled youth (Record no. 244)

MARC details
000 -LEADER
fixed length control field 00566nam a2200193 a 4500
005 - DATE AND TIME OF LATEST TRANSACTION
control field 20260322212012.0
008 - FIXED-LENGTH DATA ELEMENTS--GENERAL INFORMATION
fixed length control field data
010 ## - LIBRARY OF CONGRESS CONTROL NUMBER
LC control number 70-113975
096 ## - LOCALLY ASSIGNED NLM-TYPE CALL NUMBER (OCLC)
Classification number WS 350 G644h 1970
001 - CONTROL NUMBER
control field data
100 1# - MAIN ENTRY--PERSONAL NAME
Personal name Goos, Dorothy.
245 10 - TITLE STATEMENT
Title Help me! A way to guide troubled youth
Statement of responsibility, etc. Dorothy Goos & Al-Saadi, LuEtta C..
260 ## - PUBLICATION, DISTRIBUTION, ETC.
Place of publication, distribution, etc. Kaukauna, Wis.
Name of publisher, distributor, etc. Thomas Publications
Date of publication, distribution, etc. 1970
300 ## - PHYSICAL DESCRIPTION
Extent xviii, 383 p. ;
Dimensions 24 cm.
500 ## - GENERAL NOTE
General note Bibliography: p. 375.
650 02 - SUBJECT ADDED ENTRY--TOPICAL TERM
Topical term or geographic name entry element Affective Symptoms
650 02 - SUBJECT ADDED ENTRY--TOPICAL TERM
Topical term or geographic name entry element Residential Treatment
710 2# - ADDED ENTRY--CORPORATE NAME
Corporate name or jurisdiction name as entry element Al-Saadi, LuEtta C.,
Date of meeting or treaty signing 1933- joint author.
Holdings
Withdrawn status Lost status Damaged status Not for loan Home library Current library Shelving location Date acquired Total checkouts Full call number Barcode Date last seen Price effective from Koha item type
        Franklin Franklin General stacks 22/03/2026   GEN BC0010252 22/03/2026 22/03/2026 Books